Challenge and change, (Record no. 37109)

MARC details
000 -LEADER
fixed length control field 00750cam a22002171 4500
001 - CONTROL NUMBER
control field l 63000039
003 - CONTROL NUMBER IDENTIFIER
control field DLC
005 - DATE AND TIME OF LATEST TRANSACTION
control field 20260227111547.0
008 - FIXED-LENGTH DATA ELEMENTS--GENERAL INFORMATION
fixed length control field 731231s1963 dcua f000 0 eng c
010 ## - LIBRARY OF CONGRESS CONTROL NUMBER
LC control number l 63000039
035 ## - SYSTEM CONTROL NUMBER
System control number (OCoLC)768315
040 ## - CATALOGING SOURCE
Original cataloging agency U.S. Dept. of Labor Library
Transcribing agency NhD
Modifying agency OCoLC
-- DLC
042 ## - AUTHENTICATION CODE
Authentication code premarc
050 00 - LIBRARY OF CONGRESS CALL NUMBER
Classification number HD4835.U4
Item number A5 1963a
110 1# - MAIN ENTRY--CORPORATE NAME
Corporate name or jurisdiction name as entry element United States.
Subordinate unit Department of Labor.
245 10 - TITLE STATEMENT
Title Challenge and change,
Remainder of title a brief history [of the U.S. Department of Labor, 1913-1963.
260 ## - PUBLICATION, DISTRIBUTION, ETC.
Place of publication, distribution, etc. Washington,
Name of publisher, distributor, etc. For sale by the Superintendent of Documents, U.S. Govt. Print. Off.,
Date of publication, distribution, etc. 1963]
300 ## - PHYSICAL DESCRIPTION
Extent iii, 72 p.
Other physical details illus.
Dimensions 26 cm.
500 ## - GENERAL NOTE
General note Errata leaf inserted.
610 10 - SUBJECT ADDED ENTRY--CORPORATE NAME
Corporate name or jurisdiction name as entry element United States.
Subordinate unit Department of Labor.

No items available.

Powered by Koha